000 00506nam a2200181Ia 4500
005 20250326142801.0
008 250326s9999 xx 000 0 und d
037 _aTextbook
040 _aFMSL
_beng
_cFMSL
041 _aeng
_2eng
084 _qFMSL
100 _aCherrington J O
_9746610
245 0 _aCost and managerial accounting
_cCherrington J O And Others
260 _aUnited Kingdom
_bUnited Kingdom, W.M.C Brown Pub.
_c1985
300 _a905p
942 _cTB
999 _c1296611
_d1296611